000 00857njm a2200277Ia 4500
001 20325
003 IT-RoPAU
005 20220918181202.0
008 131025s9999 xx 000 0 und d
040 _aIT-RoPAU
040 _cIT-RoPAU
999 _c103065
_d103065
999 _bn.d.
100 _aBerio Luciano
_91358
100 _eAutore musica
_91359
100 _gCodice autore musica SPICS: 9299
_91360
245 _aCoro per voci e strumenti
250 _a1a ed.
260 _aROMA
260 _bSPICS RECORDS
_c1982 [1a Ed.:1982 - Ed. Lingua Orig.: 1982]
300 _aMUSICASSETTA
500 _aMusica strumentale
511 _aOrchestra sinfonica di Roma della Rai e coro del Westdeutscher R diretti da Berio Luciano
511 _aMaestro del coro: Herbert Schernus
650 _aSTRUMENTALE [CASSETTE]
_eCodice MATERIA SPICS: 9951
_91218
942 _cMC
_2ddc